000 00878nam a2200253Ia 4500
003 OSt
005 20220923212306.0
006 a|||||r|||| 00| 0
007 ta
008 220922b |||||||| |||| 00| 0 hin d
024 _a152,031
037 _cTextual
040 _aARTS
_cARTS
_bhin
041 _2hin
_ahin
082 _aO111,2N15,DS, 152M7
100 _aमिलर, आर्थर
245 0 _aएक सपने के मौत, रूपा जितेन्द्र कौशल
246 _aEk sapane ke mauta, rūpā0 jitendra kaushala
260 _aदिल्ली
_b राजकमल प्रकाशन
_c1987
300 _a93 पृ.
_ccm.
650 _aअंग्रेजी साहित्य
_9156276
942 _hO111,2N15,DS, 152M7
_cTEXL
_2CC
999 _c307703
_d307703